000 00514nam a2200145Ia 4500
008 090124s9999 xx 000 0 und d
082 _b2659
_a69
245 _a दंश व त्यावरील खात्रीदायक उपाय
250 _a1
260 _c1924
300 _a37
630 _a दंश व त्यावरील खात्रीदायक उपाय
730 _a दंश व त्यावरील खात्रीदायक उपाय
942 _cBOOK
999 _c116604
_d116604